Reflexiones sobre sexualidad e identidad de la mujer
Guardat en:
| Autor principal: | |
|---|---|
| Altres autors: | |
| Format: | Llibre |
| Idioma: | Spanish |
| Publicat: |
San José, Costa Rica
DEI
1986
|
| Matèries: | |
| Etiquetes: |
Afegir etiqueta
Sense etiquetes, Sigues el primer a etiquetar aquest registre!
|
MARC
| LEADER | 00000nam a22000007a 4500 | ||
|---|---|---|---|
| 003 | cru CIDCACS/IIS | ||
| 005 | 20220420110730.0 | ||
| 008 | 180907b1986 CR ||||| |||| 00| 0 spa d | ||
| 040 | |c cru CIDCACS/IIS | ||
| 090 | 4 | |a REV0750 (7) 1986 | |
| 100 | 1 | |9 7653 |a Lora, Carmen | |
| 245 | 1 | |a Reflexiones sobre sexualidad e identidad de la mujer |c Carmen Lora y Cecilia Barnechea | |
| 260 | |a San José, Costa Rica |b DEI |c 1986 | ||
| 300 | |a 5-13 páginas | ||
| 650 | 1 | 0 | |9 417 |a SEXUALIDAD |
| 650 | 1 | 0 | |9 4620 |a IDENTIDAD |
| 650 | 1 | 0 | |9 88 |a MUJERES |
| 700 | 1 | |9 7654 |a Barnechea, Cecilia | |
| 773 | 0 | |0 41641 |9 2241 |a Departamento Ecuménico de Investigaciones (DEI) |d San José, Costa Rica Departamento Ecuménico de Investigaciones (DEI) |o 20028 |t Pasos / | |
| 942 | |2 ddc |c PP | ||
| 999 | |c 41654 |d 41654 | ||
